First Level Subdivisions with the Most Jews - Statistics

General Stats
  • This quiz has been taken 58 times
  • The average score is 15 of 20
Answer Stats
Jewish Population Country Subdivision % Correct
1,672,025 United States New York
100%
1,335,150 Israel Tel Aviv
100%
770,000 Israel Jerusalem
96%
1,259,315 United States California
87%
642,700 Israel Haifa
81%
220,685 United States Texas
81%
753,865 United States Florida
80%
347,850 United States Pennsylvania
80%
465,400+ Palestinian Territories West Bank
76%
334,180 United States Illinois
72%
318,450 United States Massachusetts
72%
226,610 Canada Ontario
72%
300,000-350,000 France Île de France
69%
581,200 United States New Jersey
69%
269,000 United Kingdom England
67%
250,860 United States Maryland
67%
177,295 United States Ohio
67%
1,861,904 Israel Central District
43%
647,500 Israel Northern District
41%
856,000 Israel Southern District
41%
No matching quizzes found
Score Distribution
Percent of People with Each Score
Percentile by Number Answered
Your Score History
You have not taken this quiz